La donna italiana e la procreazione. (Record no. 214389)

MARC details
000 -LEADER
campo di controllo lung. fissa 00730nam a2200217Ia 4500
001 - Numero di controllo
campo di controllo b3023-25315 [4322]
003 - Identificatore del numero di controllo
campo di controllo IT-MiCISF
005 - Data e orario dell'ultima transazione
campo di controllo 20230307122447.0
008 - Elementi di lunghezza fissa--Informazione generale
campo di controllo lung. fissa 161014s9999||||xx |||||||||||||| ||und||
040 ## - Fonte della catalogazione
Agenzia catalografica originale IT-MiCISF
Agenzia che fa la trascrizione IT-MiCISF
041 ## - Codice di lingua
Codice di lingua del testo/traccia sonora o titolo separato it
100 ## - Accesso principale -- nome di persona
Nome di persona Piazza Maria Grazia
9 (RLIN) 59504
245 #0 - Formulazione del titolo
Titolo La donna italiana e la procreazione.
Complemento del titolo Situazione e scenari alternativi
260 ## - Pubblicazione, distribuzione, ecc. (stampa)
Luogo di pubblicazione, distribuzione, ecc. Roma,
Nome dell'editore, distributore, ecc. Dehoniane,
Data di pubblicazione, distribuzione, ecc. 1993
300 ## - Descrizione fisica
Estensione pp. 218
500 ## - Nota generale
Nota generale / procreazione, natalità, nuzialità, aborto, cambiamenti-famiglia, famiglia-migranti, sessualità, matrimonio, donna, donna-lavoratrice, procreazione-artificiale /
650 ## - Accesso aggiunto di soggetto--termine topico
Termine topico o nome geografico come accesso procreazione
9 (RLIN) 56309
654 ## - Accesso aggiunto di soggetto--termini topici faccettati
Termine principale saggio
942 ## - Dati aggiuntivi (Koha)
Tipo copia default (Koha) LIBRO
Fonte della classificazione o dello schema di collocazione (segnatura) Dewey Decimal Classification
999 ## - Sys Number locale (Koha)
Koha Dewey Subclass [OBSOLETE] si
Holdings
Ritirato (status) Perso (status) Danneggiato (status) Non per il presito Biblioteca proprietaria Biblioteca in cui si trova Data d'acquisizione Totale prestiti Collocazione Data ultima operazione Prezzo in vigore dal Tipo copia default (Koha) Nota pubblica
    Buone Condizioni Not For Loan CISF - Milano CISF - Milano 14/10/2016   b3023-25315 [4322] 14/10/2016 14/10/2016 LIBRO Data import 15.10.2016 / by Epidotti, Vaglietti
CREDITS: SOCIETA' SAN PAOLO Via A.Severo, 58 - ROMA (RM) & PERIODICI SAN PAOLO SRL Via Giotto, 36 MILANO & CISF Via Giotto, 36 MILANO & EDIZIONI SAN PAOLO SRL,  Piazza Soncino, 5 CINISELLO BALSAMO (MI) -- ITALY